Theology in Action (Record no. 3486)

MARC details
000 -LEADER
fixed length control field 00609nam a2200241 a 4500
020 ## - INTERNATIONAL STANDARD BOOK NUMBER
ISBN
082 00 - DEWEY DECIMAL CLASSIFICATION NUMBER
Classification number 230
Author Cutter ENG
100 ## - MAIN ENTRY--AUTHOR NAME
Author name England, John
245 ## - TITLE STATEMENT
Title Theology in Action
Sub title a Workshop for Malaysia and Singapore
260 ## - PUBLICATION, DISTRIBUTION, ETC. (IMPRINT)
Place of publication Trivandrum
Name of publisher East Asia Christian Conference
Year of publication 1973
300 ## - PHYSICAL DESCRIPTION
Number of Pages 82p
500 ## - GENERAL NOTE
General note includes index and biblioraphy
505 2# - FORMATTED CONTENTS NOTE
Formatted contents note Appendix
650 ## - SUBJECT ADDED ENTRY--TOPICAL TERM
Topical Term Theology
942 ## - ADDED ENTRY ELEMENTS (KOHA)
Koha item type Books
700 1# -
-- England, John
Holdings
Collection code Home library Current library Date acquired Cost, normal purchase price Full call number Accession Number Koha item type
  Henry Martyn Institute Library Henry Martyn Institute Library 07/31/2007 100.00 230 ENG 07457 Books
                   Copyright © 2026 | Henry Martyn Institute | Hyderabad | TS-500052 | INDIA | Implemented by hmi.edu.in
Hit-Count:

Powered by Koha